| 000 | 00500nam a2200205Ia 4500 | ||
|---|---|---|---|
| 008 | 170918s9999 xx 000 0 und d | ||
| 020 | _a9780531187876 | ||
| 050 | _bW429 2007 | ||
| 100 | _aWeiss, Ellen | ||
| 245 | _aFrom bulb to Daffodil / | ||
| 245 | _cEllen Weiss. | ||
| 260 | _aNew York : | ||
| 260 | _bScholastic, | ||
| 260 | _c2007 | ||
| 300 | _a24 pages : | ||
| 300 | _bcolored illustration ; | ||
| 300 | _c20cm. | ||
| 440 | _aScholastic news nonfiction readers. | ||
| 500 | _a520 | ||
| 999 |
_c341681 _d341681 |
||